000 00981nam a2200277Ia 4500
001 Para_1247
003 CHAP
008 220125s1998 xx 000 0 und d
010 _a199955
040 _cCHAP
090 _aPA TESIS 1202
100 _aGarcía López, Marcelo
_946223
245 _aEvaluación de 42 genotipos de frijol (Phaseolus vulgaris L.), para resistencia horizontal a la conchuela (Epilachna varivestis Muls. Coleoptera Coccinellidae) /
_c por Marcelo García López
260 _aChapingo, Méx. :
_b El autor
300 _a46 h.
502 _aTesis (Ing. Agr. Esp. en Parasitología Agrícola), UACh. Depto. Parasitología
650 _aFrijol
_x variedades resistentes a plagas
_943450
710 _aUACh. Departamento Parasitología Agrícola
_9164025
901 _aPA TESIS 1202
902 _aA
905 _a0000001998 0000000000 00
910 _a1998
942 _cPARA
942 _cPARA
_d1
999 _c199955
_d199955